000 00926nam a22002657a 4500
005 20240530110346.0
008 141203s2008 ua ob frb 000 0 ara d
017 _a9979/2008
_bمصر . دار الكتب المصرية
020 _a97751926804
040 _aEG-CaGPL
041 0 _aara
082 0 4 _221
_a551.22
_bق/ز م
100 0 _aزكريا هميمى
245 1 0 _aميكانيكية الزلازل و اسباب حدوثها /
_cزكريا هميمى
260 _aالقاهرة :
_bهبة النيل العربية للنشر والتوزيع ،
_c2008
300 _a236ص :
_bايض ؛
_c24 سم
504 _aببليوجرافية : ص 233 - 236
650 0 4 _aالزلازل
650 0 4 _aالزلازل
_zمصر
650 0 4 _aالظواهر الطبيعية
650 0 4 _aالزلازل
_xتنبؤ
650 0 4 _aالكوارث
942 _2ddc
_cBK
999 _c59975
_d59975